000 01871nam a22004577a 4500
003 CHAP
005 20220329143935.0
008 121004s2012 mx r 00010 spa d
010 _a104020
011 _a104992
035 _a115683
040 _cCHAP
090 _aTesis
100 1 _aReyes Ávila, Juan Martin.
_996929
245 1 0 _aEfecto de la suplementacion de betacaroteno sobre el inicio de la pubertad en cabras :
_h[En línea]
_bNiveles séricos de triyodotironina
_c/por Juan Martin Reyes Ávila
260 _aChapingo, Méx. :
_bEl autor,
_c2012
500 _aPara ver el contenido del material haga clic en la liga
502 _aTesis (M.C. en Recursos Naturales y Medio Ambiente) -- UACH. Unidad Regional Universitaria de Zonas Áridas
590 _aALEPH
_b10
_c20130110
_lUCH01
_h1547
590 _aBATCH-UPD
_b10
_c20130110
_lUCH01
_h0354
590 _aBATCH-UPD
_b10
_c20130110
_lUCH01
_h0414
590 _aBATCH-UPD
_b10
_c20130110
_lUCH01
_h0428
590 _aBATCH-UPD
_b10
_c20130110
_lUCH01
_h0430
590 _aBATCH-UPD
_b10
_c20130409
_lUCH01
_h2253
590 _aBATCH-UPD
_b10
_c20130409
_lUCH01
_h2324
590 _aBATCH-UPD
_b10
_c20130409
_lUCH01
_h2341
590 _aBATCH-UPD
_b10
_c20130913
_lUCH01
_h2028
590 _aBATCH-UPD
_b10
_c20140324
_lUCH01
_h1534
590 _aBATCH-UPD
_b10
_c20141002
_lUCH01
_h0855
590 _aCONVERSION
_b10
_c20130109
_lUCH01
_h1357
650 1 4 _aCaroteno.
_919266
650 1 4 _aCarotenoides.
_919267
650 1 4 _aGanado cabrío
_xFecundidad.
_945011
650 1 4 _aGanado cabrío
_xMejoramiento.
_945023
650 1 4 _aGanado cabrío
_xReproducción.
_945043
856 _3Finding aid
_uhttp://10.13.5.2/tesis/115683.pdf
_zTeclea aqui
901 _aBK
942 _cFOLL
949 _aTesis
_bBC
_cTES
_d33724002349827
_eTS1
_h54113
_i115683
_st
949 _aTesis
_bBC
_cTES
_d33724002349868
_eTS2
_fc.2
_h54114
_i115683
_st
999 _c104020
_d104020